000 00479nam a2200181Ia 4500
003 GCL
008 140319s9999 xx 000 0 eng d
040 _aGCL /
_cGCL
082 0 4 _a823.087
_bH C
100 1 _aHUNT, PETER
245 1 0 _aCHILDREN'S LITERATURE: AN ILLUSTRATED HISTORY /
_cHUNT, PETER
260 _a[S.N] :
_bOXFORD UNIVERSITY PRESS ،
_c1995
300 _a378 P
650 0 4 _aLITERATURE
650 0 4 _aREADING
650 0 4 _aCHILDREN - STORIES
942 _2ddc
_cBK
999 _c11825
_d11825